[Event "Marianske Lazne IM-B2 22nd"]
[Site "Marianske Lazne"]
[Date "2024.01.16"]
[Round "4"]
[White "Pisk, Petr"]
[Black "Pavlis, Matej"]
[Result "1/2-1/2"]
[WhiteElo "2295"]
[BlackElo "2088"]
[PlyCount "33"]
[EventDate "2024.01.13"]
[EventType "tourn"]
[EventRounds "9"]
[EventCountry "CZE"]
[EventCategory "1"]
[SourceTitle "CB04_2024"]
[SourceDate "2023.10.16"]
[SourceVersion "1"]
[SourceVersionDate "2023.10.16"]
[SourceQuality "1"]

1. d4 d5 2. Nf3 e6 3. c4 c5 4. e3 Nf6 5. Nc3 a6 6. a3 Nc6 7. dxc5 Bxc5 8. b4 Ba7 9. Bb2 0-0 10. Qc2 dxc4 11. Bxc4 b5 12. Bd3 Bb7 13. 0-0 Rc8 14. Rfd1 Qe7 15. Rac1 Bb8 16. h3 Rfd8 17. Qb1 1/2-1/2

[Event "AUT-ch"]
[Site "Vienna"]
[Date "2023.07.27"]
[Round "6"]
[White "Pavlis, Matej"]
[Black "Exler, Veronika"]
[Result "1/2-1/2"]
[WhiteElo "1942"]
[BlackElo "2153"]
[PlyCount "123"]
[EventDate "2023.07.22"]
[EventType "swiss"]
[EventRounds "9"]
[EventCountry "AUT"]
[SourceTitle "CBM 215 Extra"]
[Source "ChessBase"]
[SourceDate "2023.09.30"]
[SourceVersion "1"]
[SourceVersionDate "2023.09.30"]
[SourceQuality "1"]

1. Nf3 Nf6 2. g3 d5 3. d4 c5 4. c4 dxc4 5. Bg2 Nc6 6. Qa4 cxd4 7. 0-0 Bd7 8. Qxc4 e5 9. Nbd2 Bd6 10. Ng5 0-0 11. Nde4 Nxe4 12. Nxe4 Be6 13. Qa4 Be7 14. Rd1 Rb8 15. Nc3 Qc8 16. Nd5 Bxd5 17. Bxd5 b5 18. Qb3 Na5 19. Qf3 Qd7 20. Bd2 Nc4 21. Bc1 Rb6 22. b3 Rf6 23. Qg2 Nb6 24. Be4 Bb4 25. Bb2 Rd6 26. g4 g6 27. h4 Nd5 28. Bxd5 Rxd5 29. a3 Be7 30. g5 Rc8 31. Qe4 Rdc5 32. Rab1 Qf5 33. Qxf5 gxf5 34. f4 f6 35. gxf6 Bxf6 36. fxe5 Bxe5 37. Bxd4 Bxd4+ 38. Rxd4 Re5 39. Rb2 Rc7 40. Kf2 Kf7 41. a4 Ke6 42. Rbd2 bxa4 43. bxa4 Re4 44. Rd6+ Ke7 45. R2d4 Rxd4 46. Rxd4 Ke6 47. Kf3 Ke5 48. e3 a5 49. Rf4 h5 50. Rd4 Rc1 51. Kf2 Rc2+ 52. Kf3 Rc1 53. Kf2 Rb1 54. Rc4 Kd5 55. Rf4 Ke5 56. Rc4 Rb4 57. Rxb4 axb4 58. Ke2 Kd5 59. Kd3 Kc5 60. Kc2 Kb6 61. Kb2 Ka6 62. Ka2 1/2-1/2

[Event "CZE-chT1W 2223"]
[Site "Czech Republic"]
[Date "2023.04.02"]
[Round "11.2"]
[White "Pavlis, Matej"]
[Black "Vojta, Tomas"]
[Result "0-1"]
[WhiteElo "1817"]
[BlackElo "2316"]
[PlyCount "48"]
[EventDate "2022.10.09"]
[EventType "team-tourn"]
[EventRounds "11"]
[EventCountry "CZE"]
[SourceTitle "EXT 2024"]
[Source "ChessBase"]
[SourceDate "2023.10.10"]
[SourceVersion "1"]
[SourceVersionDate "2023.10.10"]
[SourceQuality "1"]
[WhiteTeam "Gordic"]
[BlackTeam "Ricany Betsys"]
[WhiteTeamCountry "CZE"]
[BlackTeamCountry "CZE"]

1. Nf3 Nc6 2. c4 e5 3. d3 f5 4. g3 Nf6 5. Bg2 d6 6. Nc3 g6 7. Rb1 Bg7 8. 0-0 0-0 9. b4 Nh5 10. Bg5 Qd7 11. b5 Nd8 12. Qc1 f4 13. Bxd8 Qxd8 14. Ne4 h6 15. a4 Be6 16. a5 Qe7 17. Qa3 g5 18. a6 b6 19. Nc3 fxg3 20. hxg3 Qf7 21. Nd5 Nf6 22. Nd2 Ng4 23. Ne4 Qh5 24. Rfc1 Bxd5 0-1

[Event "CZE-ch Youth"]
[Site "Teplice"]
[Date "2023.03.16"]
[Round "7"]
[White "Pavlis, Matej"]
[Black "Pressler, Tobias"]
[Result "0-1"]
[WhiteElo "1868"]
[BlackElo "2096"]
[PlyCount "86"]
[EventDate "2023.03.11"]
[EventType "tourn"]
[EventRounds "9"]
[EventCountry "CZE"]
[SourceTitle "CBM 213 Extra"]
[Source "ChessBase"]
[SourceDate "2023.05.31"]
[SourceVersion "1"]
[SourceVersionDate "2023.05.31"]
[SourceQuality "1"]

1. Nf3 d5 2. b3 Nf6 3. Bb2 c5 4. g3 Nc6 5. Bg2 g6 6. 0-0 Bg7 7. c4 0-0 8. d3 d4 9. Nbd2 Bf5 10. Ng5 Qd7 11. Nge4 b6 12. Re1 Rae8 13. Nxf6+ exf6 14. Nf3 Ne5 15. b4 Bh3 16. Nxe5 Rxe5 17. Bf3 Rfe8 18. bxc5 bxc5 19. Rb1 Bh6 20. Bc1 Bxc1 21. Qxc1 Kg7 22. Qa3 h5 23. Qa6 Qf5 24. Be4 Rxe4 25. dxe4 Rxe4 26. Qb7 h4 27. Rb3 g5 28. Qd5 Re5 29. Qf3 Qe6 30. Rb2 Bg4 31. Qd3 Bf5 32. Qb3 d3 33. e3 h3 34. Rd2 Qc6 35. f4 gxf4 36. gxf4 Re6 37. Qd1 Kh6 38. Rf2 Re8 39. Qf3 Rg8+ 40. Kf1 Qxf3 41. Rxf3 d2 42. Ke2 Rg2+ 43. Kd1 Bc2+ 0-1

[Event "CZE-ch Youth"]
[Site "Teplice"]
[Date "2023.03.13"]
[Round "4"]
[White "Broz, Petr"]
[Black "Pavlis, Matej"]
[Result "1-0"]
[WhiteElo "1993"]
[BlackElo "1868"]
[PlyCount "85"]
[EventDate "2023.03.11"]
[EventType "tourn"]
[EventRounds "9"]
[EventCountry "CZE"]
[SourceTitle "CBM 213 Extra"]
[Source "ChessBase"]
[SourceDate "2023.05.31"]
[SourceVersion "1"]
[SourceVersionDate "2023.05.31"]
[SourceQuality "1"]

1. e4 c5 2. Nf3 d6 3. Nc3 Nf6 4. e5 dxe5 5. Nxe5 a6 6. g3 Qc7 7. d4 cxd4 8. Qxd4 Nc6 9. Nxc6 Qxc6 10. Rg1 Bf5 11. Bg2 Qe6+ 12. Be3 Rd8 13. Qa4+ b5 14. Nxb5 axb5 15. Qxb5+ Nd7 16. 0-0-0 Rc8 17. c3 Qe5 18. Qb3 Be6 19. Bd5 Bxd5 20. Rxd5 Qe6 21. Rgd1 Nb8 22. Qb5+ Nc6 23. Bb6 f6 24. f4 g6 25. g4 Kf7 26. f5 Bh6+ 27. Kb1 Qe4+ 28. Ka1 Ne5 29. Bd4 Rb8 30. Rxe5 fxe5 31. fxg6+ Kxg6 32. Qa6+ Kf7 33. Qxh6 exd4 34. Qh5+ Kg7 35. Qg5+ Kf8 36. Qh6+ Ke8 37. Qh5+ Qg6 38. Qe5 Qc2 39. Qxb8+ Kd7 40. Qa7+ Ke6 41. Qxd4 Rb8 42. Re1+ Kf7 43. Qf4+ 1-0

[Event "Ceske Budejovice op-A"]
[Site "Ceske Budejovice"]
[Date "2022.07.06"]
[Round "6"]
[White "Zeleny, Tomas1111"]
[Black "Pavlis, Matej"]
[Result "1/2-1/2"]
[WhiteElo "1894"]
[BlackElo "1625"]
[PlyCount "56"]
[EventDate "2022.07.01"]
[EventType "swiss"]
[EventRounds "9"]
[EventCountry "CZE"]
[SourceTitle "CBM 209 Extra"]
[Source "ChessBase"]
[SourceDate "2022.09.30"]
[SourceVersion "1"]
[SourceVersionDate "2022.09.30"]
[SourceQuality "1"]

1. e4 c5 2. d4 e6 3. d5 d6 4. Nc3 Nf6 5. Nf3 Be7 6. Bc4 exd5 7. Bxd5 0-0 8. 0-0 Nc6 9. Bf4 Nb4 10. Re1 Nbxd5 11. Nxd5 Nxd5 12. Qxd5 Qb6 13. b3 Be6 14. Qd3 Rad8 15. c4 Bf6 16. Rad1 h6 17. Bxd6 Rd7 18. e5 Be7 19. Qe4 Bxd6 20. exd6 Rfd8 21. h3 Rxd6 22. Rxd6 Rxd6 23. Qe3 a6 24. Nd2 Qa5 25. Ne4 Rc6 26. Re2 Qc7 27. Nc3 Rd6 28. Qg3 Rd7 1/2-1/2

[Event "Ceske Budejovice op-A"]
[Site "Ceske Budejovice"]
[Date "2022.07.05"]
[Round "5"]
[White "Pavlis, Matej"]
[Black "Zilavy, Jan"]
[Result "0-1"]
[WhiteElo "1625"]
[BlackElo "2090"]
[PlyCount "114"]
[EventDate "2022.07.01"]
[EventType "swiss"]
[EventRounds "9"]
[EventCountry "CZE"]
[SourceTitle "CBM 209 Extra"]
[Source "ChessBase"]
[SourceDate "2022.09.30"]
[SourceVersion "1"]
[SourceVersionDate "2022.09.30"]
[SourceQuality "1"]

1. d4 f5 2. c4 Nf6 3. Nf3 g6 4. g3 Bg7 5. Bg2 0-0 6. 0-0 d6 7. Nc3 c6 8. Bg5 Qc7 9. Bxf6 Bxf6 10. e4 e5 11. dxe5 dxe5 12. Re1 f4 13. gxf4 Bg4 14. Qe2 Na6 15. h3 Bh5 16. f5 Be7 17. a3 gxf5 18. exf5 Rxf5 19. Qe4 Raf8 20. Nxe5 Bc5 21. Ng4 Qg7 22. Kh1 Kh8 23. f3 Bg6 24. Ne5 Rg5 25. Nxg6+ Rxg6 26. Re2 Rg8 27. f4 Bd6 28. Rd1 Bxf4 29. Qxf4 Rxg2 30. Qd4 Qxd4 31. Rxd4 Rg1+ 32. Kh2 Nc5 33. Rdd2 R1g7 34. Rg2 Nb3 35. Rxg7 Nxd2 36. Rxg8+ Kxg8 37. c5 Kf7 38. Kg3 Nc4 39. Nd1 Kg6 40. a4 a5 41. Kf4 Kh5 42. Ke4 Kh4 43. Kd4 Nd2 44. Ke5 Kxh3 45. Kd6 Ne4+ 46. Kc7 Nxc5 47. Nc3 Kg4 48. Kb6 Nd3 49. Kxb7 h5 50. Kb6 h4 51. Nd1 Kf3 52. Kxa5 h3 53. Kb6 h2 54. a5 h1Q 55. a6 Qxd1 56. a7 Qa4 57. Kb7 Nc5+ 0-1

[Event "Ceske Budejovice op-A"]
[Site "Ceske Budejovice"]
[Date "2022.07.04"]
[Round "4"]
[White "Stastna, Martina"]
[Black "Pavlis, Matej"]
[Result "0-1"]
[WhiteElo "1912"]
[BlackElo "1625"]
[PlyCount "46"]
[EventDate "2022.07.01"]
[EventType "swiss"]
[EventRounds "9"]
[EventCountry "CZE"]
[SourceTitle "CBM 209 Extra"]
[Source "ChessBase"]
[SourceDate "2022.09.30"]
[SourceVersion "1"]
[SourceVersionDate "2022.09.30"]
[SourceQuality "1"]

1. e4 c5 2. Nf3 e6 3. d4 cxd4 4. Nxd4 Nc6 5. Nd2 d6 6. g3 Nf6 7. N4f3 Be7 8. Bg2 Qc7 9. 0-0 0-0 10. c3 Rd8 11. Qe2 b6 12. Nb3 a6 13. Bg5 Bb7 14. Nfd4 h6 15. Bd2 d5 16. exd5 Nxd5 17. Nxe6 fxe6 18. Qxe6+ Kh8 19. Bxd5 Rxd5 20. Bxh6 Qe5 21. Qxe5 Nxe5 22. Bf4 Nf3+ 23. Kg2 Rh5 0-1

[Event "Ceske Budejovice op-A"]
[Site "Ceske Budejovice"]
[Date "2022.07.01"]
[Round "1"]
[White "Pavlis, Matej"]
[Black "Mrazik, Tomas"]
[Result "0-1"]
[WhiteElo "1625"]
[BlackElo "2055"]
[PlyCount "120"]
[EventDate "2022.07.01"]
[EventType "swiss"]
[EventRounds "9"]
[EventCountry "CZE"]
[SourceTitle "CBM 209 Extra"]
[Source "ChessBase"]
[SourceDate "2022.09.30"]
[SourceVersion "1"]
[SourceVersionDate "2022.09.30"]
[SourceQuality "1"]

1. d4 Nf6 2. Nf3 g6 3. c4 Bg7 4. g3 0-0 5. Bg2 d6 6. 0-0 Nc6 7. Nc3 Bf5 8. Re1 Ne4 9. Nh4 Nxc3 10. bxc3 Bd7 11. Rb1 Rb8 12. e4 e5 13. Be3 b6 14. Nf3 Qe8 15. Qd3 Na5 16. Rbd1 Be6 17. Nd2 Qa4 18. Bf1 f5 19. f3 fxe4 20. fxe4 Rf7 21. d5 Bc8 22. Nb3 Ba6 23. Nxa5 Qxa5 24. Qc2 Rbf8 25. Be2 Bc8 26. Rf1 Bh3 27. Rxf7 Rxf7 28. Bf1 Bd7 29. Qb2 Rf3 30. Re1 Qa4 31. Bg2 Rf8 32. Bf1 Bg4 33. Be2 Bh3 34. Qb3 Qe8 35. Bf1 Bd7 36. Be2 a5 37. Rf1 Rxf1+ 38. Bxf1 Qf8 39. Qd1 h5 40. Be2 Kh7 41. Bg5 Qe8 42. Qf1 Bc8 43. Bd3 Qd7 44. Qd1 Bh6 45. Qd2 Bxg5 46. Qxg5 Qf7 47. Be2 Bd7 48. Kg2 Ba4 49. g4 Bc2 50. Qe3 hxg4 51. Bxg4 Qf4 52. Qxf4 exf4 53. Kf3 g5 54. Bf5+ Kg7 55. Ke2 Kf6 56. Kd2 Bb1 57. a3 Ke5 58. Ke2 Bxe4 59. Bg4 Bf5 60. Bf3 g4 0-1